| 000 | 00366nam a2200145Ia 4500 | ||
|---|---|---|---|
| 008 | 250611s9999 xx 000 0 und d | ||
| 020 | _a978-0521108485 | ||
| 082 | _a892.71 ARB | ||
| 100 | _aArberry, A. J. | ||
| 245 | 0 | _aPoems of Al-Mutanabbi | |
| 260 |
_aLondon: _bCambridge University Press, _c1967 |
||
| 300 | _axi, 154p. | ||
| 600 | _aLiterature | ||
| 942 | _cGB | ||
| 999 |
_c31479 _d31479 |
||